Acessórios do Brawl Stars - Statistics

Estatísticas Gerais
  • Esse quiz foi jogado 31 vezes
    27 desde o último reset
  • A pontuação média é 24 de 156
Estatísticas das Respostas
Brawler Acessório % Correto
Bala de Prata
86%
Pombos de Argila
77%
Colt Recarga Rápida
64%
Barril de Piche
41%
Bonnie Pólvora
41%
Pólvora Atordoante
41%
Jessie Vela de Ignição
41%
Canção Protetora
36%
Poco Diapasão
36%
Shelly Fisgador
36%
Megafoguete
36%
Pisoteador
36%
Brock Tênis Explosivo
36%
Penny Barril de Sal
32%
Bull Bife Tonificante
32%
Cinturão de Asteróides
32%
Detonador
32%
Rico Disparador Múltiplo
32%
Colette Nananinanão!
32%
Mortis Pá Rodopiante
32%
Pele Protetora
32%
El Primo Suplemento Muscular
32%
Tônico Herbal
32%
Urtiga
32%
Buzz Boia Reserva
27%
Castelo Inflável
27%
Espíritos Vingativos
27%
Gancho
27%
Nita Garra de Urso
27%
Dymanike Giro Explosivo
27%
Ponto Extra
27%
Bo Totem Sagrado
27%
Barley Xarope Grudento
27%
Atração Irresistível
23%
Banana Podre
23%
Emz Botão de Block
23%
Griff Cofrinho
23%
Exímio Espião
23%
Piper Gatilho de Precisão
23%
Rosa Luz Revitalizante
23%
Mecanismo de Mola
23%
Reconstrução
23%
Refúgio
23%
8-Bit Teletransportador
23%
Tudo ou Nada
23%
Bibi Vitamina
23%
Acesso Vip
18%
Edgar Alçar Voo
18%
Barricada
18%
Ciclone
18%
Colmeia Colérica
18%
Feito com Carinho
18%
Pam Frequência Curativa
18%
Tick Gerador de Minas
18%
Grom Guarita
18%
Laquê Letal
18%
Megagrude
18%
Pá de Sobrevivência
18%
Rastreador
18%
Recarga Pesada
18%
Darryl Rotador
18%
Nani Teletransporte
18%
Tênis Tenaz
18%
Jacky Acelerador Demolidor
14%
Amor de Mãe
14%
Gray Bengala
14%
Kit Caixa de Papelão
14%
Chute Circular
14%
Corpo Fechado
14%
Eugênio Ejetor de Rival
14%
Escudo Energizador
14%
Frank Fone Antirruído
14%
Bea Melado
14%
Migalhas
14%
Larry & Lawrie Ordem de Troca
14%
Corvo Penacho Protetor
14%
Carl Rastro Flamejante
14%
Robô-Foguete
14%
Saúde Trocada
14%
Teste de Som
14%
Toxina Desaceleradora
14%
Xarope Congelante
14%
Charlie Aranhas
9%
Gus Assombração Explosiva
9%
Cacto Pacato
9%
Ash Calmante
9%
Câmera Lenta
9%
Tara Catalisador Psíquico
9%
Pearl Chamuscado
9%
Belle Cilada
9%
Cogumelo Venenoso
9%
Chester Dado da Sorte
9%
Maisie Desprendimento
9%
Dublê
9%
Golpe Final
9%
Mico Grito Ensurdecedor
9%
Jujubas
9%
Órbita Flamejante
9%
Wattson Oscilação de Energia
9%
Fang Pipoca Explosiva
9%
Polaridade Inversa
9%
Lola Pose Protetora
9%
Presto
9%
Repulsão
9%
Retorno ao Remetente
9%
Transplante
9%
Trem Fantasma
9%
X-Burguer
9%
Ajuda Extra
5%
Hank Balão de Água
5%
Banho de Moeda
5%
Spike Bomba de Espetos
5%
Bomba de Tinta
5%
Botão Vermelho
5%
Caixa de Ferramentas
5%
Mandy Calda Caramelizada
5%
Mister P Campainha
5%
Sam Campo Magnético
5%
Buster Cinto de Utilidades
5%
Colisão
5%
Melodie Crescendo
5%
Otis Estrela Dormente
5%
Flecha Fortificada
5%
Leon Holograma
5%
Eve Hora de Ir
5%
Max Impulso Energético
5%
Mostarda Extra
5%
Ordem de Retirada
5%
Piano de Cauda
5%
Stu Propulsor
5%
Willow Pura Magia
5%
Suporte Aéreo
5%
Troca de Alma
5%
Autocuidado
0%
Sprout Ceifador
0%
Ruffs Cobertura
0%
Chuck Desvio
0%
Gale Ejetor de Mola
0%
Lou Escudo de Gelo
0%
R-T Frequência Absoluta
0%
Squeak Gosma Elástica
0%
Amber Ignição
0%
Injeção de Reforço
0%
Byron Intravenosa
0%
Mergulho
0%
Nana, Neném
0%
Óculos de Raios X
0%
Pirulito Furtivo
0%
Meg Recarga Elétrica
0%
Cordelius Replantio
0%
Resíduo
0%
Doug Salsicha em Dobro
0%
Janet Som na Cixa
0%
Sandy Sonífero
0%
Angelo Voo Aspirante
0%
Nenhum quiz correspondente encontrado
Distribuição das Pontuações
Porcentagem de Pessoas com Cada Pontuação
Percentil de Números Respondidos
Sua Pontuação Histórica
Você não jogou esse quiz desde o último reset